000 00323nam a2200109Ia 4500
008 220216s9999 xx 000 0 und d
100 _aThankamma L
245 0 _aPre-felling pressure injection of the rubber tree Hevea brasiliensis for rubber wood preservation
260 _bWood News
_c2002
300 _a42-45
942 _cBO
999 _c48281
_d48281